Statistics for Random Minecraft Questions

Click here to take the quiz!

General Stats

  • This quiz has been taken 1,291 times
  • The average score is 13 of 16

Answer Stats

HintAnswer% Correct
BOOM!!!Creeper
95%
Gives you leather, milk, and beefCow
94%
Tall black figureEnderman
93%
OinkPig
93%
Hot liquidLava
92%
Crafted with three wool on top of three wooden planksBed
88%
Takes a diamond pickaxe to mineObsidian
86%
Crafted with one stick and two pieces of ironIron Sword
85%
Can be tamed with fishOcelot
83%
Stone that is redRedstone
81%
Plant that hurts youCactus
80%
Mob found only in Nether fortressesBlaze
79%
Needed to grow netherwartSoul Sand
73%
Crafted with eight wooden planks and a diamondJukebox
63%
Block that hurts youTNT
47%
Something you can only hold in creative mode or in a serverBedrock
40%

Score Distribution

Percentile by Number Answered

Percent of People with Each Score

Your Score History

You have not taken this quiz